Licenčná zmluva

Licenčná zmluva na predmety priemyselného vlastníctva v zmysle Obchodného zákonníka. Náležitosti licenčnej zmluvy. Ochrana predmetov licenčného vlastníctva u podnikateľa. Povinnosti podnikateľa používajúceho predmety chránené licenčnou zmluvou. Výber z rozhodnutí súdov a iných orgánov chrániacich pr...

Descrizione completa

Salvato in:
Dettagli Bibliografici
Autore principale: Petriganová, Zuzana
Natura: Capitolo di libro
Lingua:slovacco
Soggetti:
Tags: Aggiungi Tag
Nessun Tag, puoi essere il primo ad aggiungerne!!

MARC

LEADER 00000naa a2200000 4500
001 0295758
005 20240417075245.1
041 0 |a slo 
044 |a SK 
245 1 0 |a Licenčná zmluva  |c Zuzana Petriganová 
520 |a Licenčná zmluva na predmety priemyselného vlastníctva v zmysle Obchodného zákonníka. Náležitosti licenčnej zmluvy. Ochrana predmetov licenčného vlastníctva u podnikateľa. Povinnosti podnikateľa používajúceho predmety chránené licenčnou zmluvou. Výber z rozhodnutí súdov a iných orgánov chrániacich predmety priemyselného vlastníctva. Zaujímavosti z oblasti súdneho dvora Európskej únie a Finančnej správy SR týkajúce sa ochrany priemyselného vlastníctva. 
610 2 0 |a zmluvy licenčné 
610 2 0 |a právo priemyselné 
610 2 0 |a ochrana práv priemyselných 
610 2 0 |a vlastníctvo priemyselné 
610 2 0 |a známky ochranné 
610 2 0 |a súdy registrové 
610 2 0 |a Súdny dvor Európskej únie 
100 1 |a Petriganová, Zuzana